Club belge les plus titrés (jupiler pro league) - Statistiques

Statistiques générales
  • Ce quiz a été pris 1 048 fois
  • Le résultat moyen est 8 sur 16
Statistiques - réponses
Titres Clubs % Correct
34 Anderlecht
98%
10 Standard de Liège
91%
5 Racing Genk
83%
4 Royal Antwerp
71%
11 Union Saint-Gilloise
67%
1 La Gantoise
66%
18 Club Bruges
59%
4 FC Malines
50%
3 Cercle Bruges
38%
1 RWD Molenbeek
31%
4 Lierse
29%
7 Beerschot VAC
28%
5 RFC Liège
25%
2 Beveren
21%
5 Daring Club Bruxelles
2%
6 Racing Club Bruxelles
2%
Aucun quiz correspondant
Distribution des résultats
% des personnes avec chaque résultat
Percentile par nombre de réponses
Votre historique - résultats
Vous n’avez pas pris ce quiz